000 00611nam a2200181 u 4500
001 000002725
005 20200929150238.0
008 090703s1984 dr a r 000 0 spa d
040 _aDO-SdBNP
_bspa
_cBNPHU
082 _a332.75
_bT233a
100 1 _aTaveras, Juan Manuel.
_98588
245 1 3 _aEl asesinato de un banco :
_bbanco de Santo Domingo /
_cJuan Manuel Taveras.
260 _aSanto Domingo :
_bTaller,
_c1984.
300 _a263p. :
_bil. ;
_c23cm.
500 _aIncluye datos biográficos del autor en la contracubierta
590 _aInventariado, 2019/BT
650 4 _aBanco de santo domingo
_bQUIEBRA
_98589
999 _c2560
_d2560